Čo vieme o vitamínoch dnes

Salvato in:
Dettagli Bibliografici
Autore principale: Uherová, Ružena
Altri autori: Németh, Ladislav (Illustratore)
Natura: Libro
Lingua:slovacco
Pubblicazione: Bratislava Malé centrum 2002
Edizione:1. vyd.
Soggetti:
Accesso online:Visualizza in OPAC
Tags: Aggiungi Tag
Nessun Tag, puoi essere il primo ad aggiungerne!!

MARC

LEADER 00000nam a2200000 a 4500
005 20260127134319.0
008 171201s2002 xo a g f 000 0 slo
015 |a SNBA2006/05-02901 
020 |a 8096873709  |q (brož.) 
035 |a vtls001522234 
039 9 |a 201712011420  |b VLOAD  |c 200611061124  |d msnk45  |c 200606301008  |d msnk38  |c 200605301049  |d mschk03  |y 200504041520  |z msnk04 
040 |a SNK  |b slo  |c SNK  |d STUSCHK1  |e AACR2 
041 0 |a slo 
044 |a xo  |c SK 
072 7 |a 612  |x Fyziológia človeka a porovnávacia fyziológia  |2 konspekt 
080 |a 612.392.015.6  |2 2001 
080 |a (035)  |2 2001 
100 1 |a Uherová, Ružena 
245 1 0 |a Čo vieme o vitamínoch dnes  |c Ružena Uherová; [ilustrácie Ladislav Németh] 
250 |a 1. vyd. 
260 |a Bratislava  |b Malé centrum  |c 2002 
300 |a 143 s.  |b ilustr.  |c 21 cm 
500 |a Ilustr. na tit. strane 
504 |a Bibliogr. s. 143 
650 0 7 |a vitamíny  |2 SNKPH 
655 7 |a príručky  |2 SNKPH 
700 1 |a Németh, Ladislav  |4 ill 
910 |a SCHK95 
919 |a 80-968737-0-9 
999 |c 9556  |d 9556